[Event "Perugia op"]
[Site "Perugia"]
[Date "2009.06.27"]
[Round "2"]
[White "Ricci, Alfredo"]
[Black "Piscopo, Pierluigi"]
[Result "0-1"]
[WhiteElo "2024"]
[BlackElo "2405"]
[PlyCount "84"]
[EventDate "2009.06.27"]
[EventType "swiss"]
[EventRounds "9"]
[EventCountry "ITA"]
[SourceTitle "EXT 2010"]
[Source "ChessBase"]
[SourceDate "2010.11.25"]
[SourceVersion "1"]
[SourceVersionDate "2010.11.25"]
[SourceQuality "1"]

1. e4 c5 2. Nf3 Nc6 3. d4 cxd4 4. Nxd4 Nf6 5. Nxc6 bxc6 6. Bd3 g6 7. 0-0 Bg7 8. Kh1 0-0 9. Qe1 Bb7 10. Nc3 d5 11. e5 Nd7 12. f4 c5 13. b3 e6 14. Bd2 Rc8 15. Rd1 Bc6 16. Nb5 c4 17. bxc4 dxc4 18. Ba5 cxd3 19. Bxd8 dxc2 20. Nd6 cxd1Q 21. Qxd1 Rcxd8 22. Qc1 Bd5 23. Qc7 Nb6 24. h3 Rd7 25. Qc2 Nc4 26. Qa4 Rc7 27. Nb5 Nb6 28. Qd1 Rc5 29. Nd6 Rc6 30. Rf2 Nc4 31. Nb5 Ne3 32. Qd2 Nf5 33. Kh2 Rc5 34. a4 a6 35. g4 Nh4 36. Qe3 Rc4 37. Nd6 Rb4 38. f5 Rb3 39. Qd4 Nf3+ 40. Rxf3 Rxf3 41. f6 Bh6 42. Ne4 Bf4+ 0-1